|
|
|
|
| LEADER |
01251nam a22003012a 4500 |
| 001 |
000015043 |
| 003 |
CZ BrMZK |
| 005 |
20130718151516.0 |
| 007 |
ta |
| 008 |
040716s1970 xr er|||||||||||cze d |
| 015 |
|
|
|a cnb000452986
|
| 035 |
|
|
|a (OCoLC)42107364
|
| 040 |
|
|
|a ABA001
|b cze
|c ULG001
|d ABA001
|
| 041 |
1 |
|
|a cze
|h pol
|
| 080 |
9 |
|
|a 331.007.1
|
| 080 |
9 |
|
|a 65.012.4(082)
|
| 245 |
0 |
0 |
|a Praxeologie a její využití v řídící práci :
|b sborník z 1. praxeologického semináře uspoř. ve dnech 11. a 12. prosince 1969 v Gottwaldově /
|c red. J. Pytela a A. Glogar
|
| 260 |
|
|
|a Gottwaldov :
|b Oblastní odbočka Čes. komitétu pro věd. řízení,
|c 1970
|
| 300 |
|
|
|a 198 s. ;
|c 8°
|
| 500 |
|
|
|a Spolupoř. Oblastní odb. Čes. komitétu pro věd. řízení a Fak. technologická Vys. učení techn. v Gottwaldově
|
| 504 |
|
|
|a Obsahuje bibliografii
|
| 700 |
1 |
|
|a Glogar, Alois,
|d 1932-2018
|7 xx0005403
|4 edt
|4 wfw
|
| 700 |
1 |
|
|a Pytela, Jindřich
|4 edt
|4 wfw
|
| 710 |
2 |
|
|a Český komitét pro vědecké řízení.
|b Seminář (Praha)
|c Gottwaldov
|d 1969)
|n (1. :
|
| 910 |
|
|
|a BOA001
|b 2-0659.759
|
| 990 |
|
|
|a BK
|
| 991 |
|
|
|b 201307
|
| 996 |
7 |
|
|b 2619788899
|c 2-0659.759
|l Sklad H1
|r Sklad / do 24 hodin
|n 6
|h HS212
|w 000015043
|u 000010
|a 1
|e BOA001
|j MZK50
|s A
|